Aláírást gyűjtenek Albáron a műanyag-feldolgozó ellen

Bibliographic Details
Main Author: Szabó, Csilla (Author)
Format: Article
Language:Hungarian
Subjects:

MARC

LEADER 00000nab a2200000 a 4500
001 vtls010653347
003 SK-MaSNL
005 20260319071114.0
008 150210c20150210xo d| | 000 0|2hun
015 |a SNBRB2015/02 
038 |a DSZK 
040 |a DSZK  |b slo  |c DSZK  |e AACR2 
041 0 |a hun 
044 |a xo  |c SK 
080 |a 678.5.02  |2 2001 
100 1 |a Szabó, Csilla  |4 aut  |9 424544 
245 1 0 |a Aláírást gyűjtenek Albáron a műanyag-feldolgozó ellen  |c Szabó Csilla 
610 2 7 |a Detech (Nové Mesto nad Váhom, Slovensko)  |2 dszk  |9 1093898 
650 0 7 |a spracovanie plastov  |2 dszk  |9 82524 
650 0 7 |a protesty občanov  |2 dszk  |9 880060 
651 7 |a Dolný Bar (Slovensko)  |2 SNKPHgeo  |9 114061 
773 0 |t Új szó  |g Évf. 68, sz. 33 (2015.2.10), o. 5  |x 1335-7050 
852 |a DSZK  |b KIS3GCP 
958 |a HU 
958 |a SK 
999 |c 1797607  |d 1799537